Kavindra-candrikā; (Record no. 77489)

MARC details
000 -LEADER
fixed length control field 00817cam a22002411 4500
001 - CONTROL NUMBER
control field sa 68000835
003 - CONTROL NUMBER IDENTIFIER
control field DLC
005 - DATE AND TIME OF LATEST TRANSACTION
control field 20260227112427.0
008 - FIXED-LENGTH DATA ELEMENTS--GENERAL INFORMATION
fixed length control field 881102s1966 ii a b 000 0 hin
010 ## - LIBRARY OF CONGRESS CONTROL NUMBER
LC control number sa 68000835
035 ## - SYSTEM CONTROL NUMBER
System control number (OCoLC)23550596
040 ## - CATALOGING SOURCE
Original cataloging agency DLC
Transcribing agency MiU
Modifying agency NRU
-- DLC
042 ## - AUTHENTICATION CODE
Authentication code premarc
050 00 - LIBRARY OF CONGRESS CALL NUMBER
Classification number PK2057
Item number .K34
245 00 - TITLE STATEMENT
Title Kavindra-candrikā;
Remainder of title Kavindrācārya Sarasvatī Hindī abhinandana grantha.
Statement of responsibility, etc. Sampādaka Kr̥shṇa Divākara.
250 ## - EDITION STATEMENT
Edition statement [1. saṃskaraṇa]
260 ## - PUBLICATION, DISTRIBUTION, ETC.
Place of publication, distribution, etc. Puṇe,
Name of publisher, distributor, etc. Mahārāshṭra Rāshṭrabhāshā Sabhā
Date of publication, distribution, etc. [1966]
300 ## - PHYSICAL DESCRIPTION
Extent 1 v. (various pagings)
Other physical details illus.
Dimensions 23 cm.
504 ## - BIBLIOGRAPHY, ETC. NOTE
Bibliography, etc. note Bibliographical footnotes.
650 #0 - SUBJECT ADDED ENTRY--TOPICAL TERM
Topical term or geographic name entry element Hindi poetry.
600 00 - SUBJECT ADDED ENTRY--PERSONAL NAME
Personal name Kavīndrācārya,
Dates associated with a name approximately 1600-approximately 1675.
700 1# - ADDED ENTRY--PERSONAL NAME
Personal name Divākara, Kr̥shṇa,
Dates associated with a name 1902-1973.

No items available.

Powered by Koha